|
|
|
|
| LEADER |
00000nab a2200000 ar4500 |
| 001 |
vtls008963784 |
| 003 |
SK-MaSNL |
| 005 |
20260303070756.0 |
| 008 |
070415c20070405xo mr|p|||||||000 b|slo |
| 015 |
|
|
|a SNKBUCL2007/04
|2 snkbucl
|
| 038 |
|
|
|a SNKBUCL
|
| 040 |
|
|
|a SNKBUCL
|b slo
|c SNKBUCL
|e AACR2
|
| 041 |
0 |
|
|a slo
|
| 044 |
|
|
|a xo
|c SK
|
| 080 |
|
|
|a 796.966.093.1
|2 2001
|
| 245 |
0 |
0 |
|a Šiesty titul pre Slovan
|b vo štvrtom zápase finále play-off hokejovej Slovnaft extraligy
|
| 300 |
|
|
|b Fotogr., tab.
|
| 648 |
|
7 |
|a sezóna 2006/2007
|2 snkbucl
|9 1032718
|
| 650 |
0 |
7 |
|a ľadový hokej
|2 snkbucl
|9 3231
|
| 650 |
0 |
7 |
|a extraliga
|2 snkbucl
|9 18992
|
| 650 |
0 |
7 |
|a finále
|2 snkbucl
|9 861496
|
| 650 |
0 |
7 |
|a play-off
|2 snkbucl
|9 859805
|
| 650 |
0 |
7 |
|a štvrtý zápas
|2 snkbucl
|9 1034547
|
| 773 |
0 |
|
|t Šport
|g Roč. 61, č. 80 (5.4.2007), s. 12
|x 0139-7001
|
| 852 |
|
|
|a SNK
|b KIS3GCP
|
| 999 |
|
|
|c 1756877
|d 1758807
|